000 00560nam a2200133Ia 4500
008 171212s9999 xx 000 0 und d
020 _a9781921536625
100 _aFoster, Stephen;Varghese, Margaret
245 _cFoster, Stephen;Varghese, Margaret
_aThe Making of The Australian National University
_b1946-1996
260 _bANU E Press
_c2009
650 _aAustralian National University -- History; Universities and colleges -- Australian Capital Territory -- Canberra -- History
650 _aEducation
856 _uwww.jstor.org/stable/10.2307/j.ctt24hdt9
999 _c351374
_d351374